00939nam a2200241 a 450000100100000000500170001000800410002702000150006804000250008308200150010810000250012324500670014824600260021526000490024130000210029070000420031170000490035374000260040274000200042895201130044895201190056199900170068000003720220200930080214.0120301s2004 sp 000 0 spa d a8474612497 aDO-SdBNPbspacBNPHU axxxxbxxxx1 aIbsen, Henrik96361510aNora : /cHenrik Ibsen ; prólogo Luis Angel García Melero.10aUna casa de muñecas aMadrid, :bPromociones y ediciones,c[19uu]? a190 p. ;c19 cm.12aIbsen, HenriktEl pato salvaje9636161 aGarcía Melero, Luis Angel,epról.96361702aUna casa de muñecas02aEl pato salvaje 001050718MOaGRbGRcHDd2012-03-01iLF1l0oxxxx xxxxp37202-10r2020-06-25w2020-06-25y1ZNo se presta 001050718MOaGRbGRcCTd2012-03-01iLF1l0oxxxx xxxxp37202-20r2020-06-25te. 2w2020-06-25y1ZNo se presta c36692d36692